A Text on Tax Law in Kenya (Record no. 858)

MARC details
000 -LEADER
fixed length control field 00361nam a22001337a 4500
008 - FIXED-LENGTH DATA ELEMENTS--GENERAL INFORMATION
fixed length control field 230608b xxu||||| |||| 00| 0 eng d
020 ## - INTERNATIONAL STANDARD BOOK NUMBER
International Standard Book Number 9966530936
082 ## - DEWEY DECIMAL CLASSIFICATION NUMBER
Edition number Second Edition
Classification number 343.04
Item number NJO
100 ## - MAIN ENTRY--PERSONAL NAME
Titles and words associated with a name Njoroge Obadiah Kimani
Dates associated with a name 2021
245 ## - TITLE STATEMENT
Title A Text on Tax Law in Kenya
260 ## - PUBLICATION, DISTRIBUTION, ETC. (IMPRINT)
Place of publication, distribution, etc. Nairobi
Name of publisher, distributor, etc. Law Africa Publishing
300 ## - PHYSICAL DESCRIPTION
Extent xv;450 p
942 ## - ADDED ENTRY ELEMENTS (KOHA)
Source of classification or shelving scheme Dewey Decimal Classification
Koha item type Books
Holdings
Withdrawn status Lost status Source of classification or shelving scheme Damaged status Not for loan Home library Current library Date acquired Total Checkouts Full call number Barcode Date last seen Price effective from Koha item type Checked out
    Dewey Decimal Classification     Bunge Tower Library Bunge Tower Library 06/08/2023   343.04 NJO 20220098 06/08/2023 06/08/2023 Books  
    Dewey Decimal Classification     Bunge Tower Library Bunge Tower Library 06/08/2023   343.04 NJO 20220099 06/08/2023 06/08/2023 Books 03/17/2022
    Dewey Decimal Classification     Bunge Tower Library Bunge Tower Library 06/08/2023   343.04 NJO 20220600 06/08/2023 06/08/2023 Books  
    Dewey Decimal Classification     Bunge Tower Library Bunge Tower Library 06/08/2023   343.04 NJO 20220096 06/08/2023 06/08/2023 Books  
    Dewey Decimal Classification     Bunge Tower Library Bunge Tower Library 06/09/2023   343.04 NJO 20220100 06/09/2023 06/09/2023 Books  
    Dewey Decimal Classification     Bunge Tower Library Bunge Tower Library 06/21/2023   343.04 NJO 20220097 06/21/2023 06/21/2023 Books  
LIBRARY OPENING HOURS

When the Parliament is sitting: 8.00a.m - 7.00p.m or until the house adjourns
Mondays and Fridays and when the House is on Recess:  8.00a.m - 5.00p.m
Closed on Weekends and Public Holidays

Online Public Access Catalog (OPAC)
Website: http://www.parliament.go.ke
Bunge Library: https://libraryir.parliament.go.ke
Contact: library@parliament.go.ke | Tel no: (254-2)2221291 or 2848000 Ext 5043